000 00359nam a2200145Ia 4500
008 221030s9999 xx 000 0 und d
041 _aEnglish
082 _a105.23
100 _aA. K. Tayal
245 0 _aEngineering Mechanics Statics & Dynamics
_cby A. K. Tayal
260 _bUmesh Pub
_aDelhi
_c2008
300 _a685
650 _aMechanical
942 _cBK
999 _c3066
_d3066